| Tag |
First Indicator |
Second Indicator |
Subfields |
| LEADER |
00000nam a22000005i 4500 |
| 001 |
in00004380021 |
| 006 |
m o d |
| 007 |
cr nn 008mamaa |
| 008 |
200102s2020 si | o |||| 0|eng d |
| 005 |
20240805184134.0 |
| 020 |
|
|
|a 9789811506185
|
| 024 |
7 |
|
|a 10.1007/978-981-15-0618-5
|2 doi
|
| 035 |
|
|
|a (DE-He213)978-981-15-0618-5
|
| 050 |
|
4 |
|a LC8-6691
|
| 072 |
|
7 |
|a JNV
|2 bicssc
|
| 072 |
|
7 |
|a EDU039000
|2 bisacsh
|
| 072 |
|
7 |
|a JNV
|2 thema
|
| 082 |
0 |
4 |
|a 371.33
|2 23
|
| 245 |
1 |
0 |
|a Emerging Technologies and Pedagogies in the Curriculum /
|c edited by Shengquan Yu, Mohamed Ally, Avgoustos Tsinakos.
|
| 250 |
|
|
|a 1st ed. 2020.
|
| 264 |
|
1 |
|a Singapore :
|b Springer Singapore :
|b Imprint: Springer,
|c 2020.
|
| 300 |
|
|
|a 1 online resource (XI, 466 pages 79 illustrations, 58 illustrations in color.)
|
| 336 |
|
|
|a text
|b txt
|2 rdacontent
|
| 337 |
|
|
|a computer
|b c
|2 rdamedia
|
| 338 |
|
|
|a online resource
|b cr
|2 rdacarrier
|
| 347 |
|
|
|a text file
|b PDF
|2 rda
|
| 490 |
1 |
|
|a Bridging Human and Machine: Future Education with Intelligence,
|x 2662-5350
|
| 505 |
0 |
|
|a Framework/Modes for Emerging Technologies in the Curriculum -- Learning Theories for Using Emerging Technologies in the Curriculum -- Types of Emerging Technologies -- Smart Technologies -- Learning Cell -- Adaptive Learning -- Future (the Next Revolution) of MOOCs -- Double Spiral Learning Model -- Adaptive Open Course -- Interactive Learning Materials -- Connective Learning in the Curriculum -- Problem Based Learning -- Rain Classroom (Interactive Classroom) -- Robotics in the Curriculum -- Fourth Industrial Revolution (4IR) and Its Impact on the Curriculum -- Learning Design Tools for Teachers Using Emerging Technologies -- Mobile and Ubiquitous Learning -- Artificial Intelligence in the Curriculum -- Artificial Intelligence for Language Learning -- Emerging Technologies to Teach Language and Translation -- Internet of Things -- Role of Big data in Learning -- Learning Analytics -- Future Literacy (Knowledge, Skills, and Abilities) -- Others.
|
| 520 |
|
|
|a This book explores the technologies that can be used in curricula to make education "smarter" and more adaptive in order to better meet the needs of today's learners. The main emphasis is based on the theory and best practices of incorporating emerging technologies into curricula so as to educate learners in the 21st century. The book provides valuable insights into the future of education and examines which pedagogies are most suitable for integrating emerging technologies. It will help educators and stakeholders design and implement curricula that effectively prepare learners for the challenges of tomorrow.
|
| 650 |
|
0 |
|a Educational technology.
|
| 650 |
|
0 |
|a Education-Data processing.
|
| 650 |
1 |
4 |
|a Educational Technology.
|0 https://scigraph.springernature.com/ontologies/product-market-codes/O21000
|
| 650 |
2 |
4 |
|a Technology and Digital Education.
|0 https://scigraph.springernature.com/ontologies/product-market-codes/O47000
|
| 650 |
2 |
4 |
|a Computers and Education.
|0 https://scigraph.springernature.com/ontologies/product-market-codes/I24032
|
| 655 |
|
7 |
|a Electronic books.
|2 local
|
| 700 |
1 |
|
|a Yu, Shengquan.
|e editor.
|4 edt
|4 http://id.loc.gov/vocabulary/relators/edt
|
| 700 |
1 |
|
|a Ally, Mohamed.
|e editor.
|4 edt
|4 http://id.loc.gov/vocabulary/relators/edt
|
| 700 |
1 |
|
|a Tsinakos, Avgoustos.
|e editor.
|4 edt
|4 http://id.loc.gov/vocabulary/relators/edt
|
| 710 |
2 |
|
|a SpringerLink (Online service)
|
| 773 |
0 |
|
|t Springer Nature eBook
|
| 776 |
0 |
8 |
|i Printed edition:
|z 9789811506178
|
| 776 |
0 |
8 |
|i Printed edition:
|z 9789811506192
|
| 776 |
0 |
8 |
|i Printed edition:
|z 9789811506208
|
| 830 |
|
0 |
|a Bridging Human and Machine: Future Education with Intelligence,
|x 2662-5350
|
| 856 |
4 |
0 |
|u http://proxy.library.tamu.edu/login?url=https://doi.org/10.1007/978-981-15-0618-5
|z Connect to the full text of this electronic book
|t 0
|
| 950 |
|
|
|a Education (SpringerNature-41171)
|
| 950 |
|
|
|a Education (R0) (SpringerNature-43721)
|
| 955 |
|
|
|a Springer EBA Purchase
|
| 999 |
f |
f |
|s 963b3659-a7af-3615-8f6b-ba6c90872860
|i dce53f6d-598c-377c-a4d4-efa2d9dfec42
|t 0
|
| 952 |
f |
f |
|a Texas A&M University
|b College Station
|c Electronic Resources
|d Available Online
|t 0
|e LC8-6691
|h Library of Congress classification
|
| 998 |
f |
f |
|a LC8-6691
|t 0
|l Available Online
|